| 000 | 00341 a2200109 4500 | ||
|---|---|---|---|
| 020 | _a812390147X | ||
| 082 | _a624.1834 KRI | ||
| 100 | _aKarishnamurthy. D. | ||
| 245 |
_aStructural Design and Drawing [vol 2] _cD. Krishnamurthy |
||
| 260 |
_aNew Delhi : _bCBS Publishers and Distributors, _c2008 |
||
| 300 |
_a351p. : _bill. ; _c21 cm |
||
| 650 | _aStructural Design -- Drawing | ||
| 999 |
_c1355 _d1355 |
||